Aplikácia metódy QFD pri vývoji nového výrobku

Metóda QFD predstavuje systémový prístup riešenia problémov, čím pomáha odstravovať príčiny mnohých problémov s nekvalitou. Jej hlavným cieIom je konštrukcia a návrh takého výrobku alebo služby, ktorá bude vyhovovať požiadavkám zákazníka. Metóda QFD transformuje najdôležitejšie požiadavky do najdôle...

Ausführliche Beschreibung

Gespeichert in:
Bibliographische Detailangaben
1. Verfasser: Mesárošová, Jana
Weitere Verfasser: Hrablik Chovanová, Henrieta, Novotný, Juraj
Format: Buchkapitel
Sprache:Slowakisch
Schlagworte:
Tags: Tag hinzufügen
Keine Tags, Fügen Sie das erste Tag hinzu!

MARC

LEADER 00000nla a2200000 4500
001 0242326
005 20240417075136.9
041 0 |a slo 
044 |a SK 
245 1 0 |a Aplikácia metódy QFD pri vývoji nového výrobku  |c Jana Mesárošová, Henrieta Hrablik Chovanová, Juraj Novotný 
520 |a Metóda QFD predstavuje systémový prístup riešenia problémov, čím pomáha odstravovať príčiny mnohých problémov s nekvalitou. Jej hlavným cieIom je konštrukcia a návrh takého výrobku alebo služby, ktorá bude vyhovovať požiadavkám zákazníka. Metóda QFD transformuje najdôležitejšie požiadavky do najdôležitejších technických parametrov výrobku, pričom pomáha preveriť úplnosť technických parametrov. Ide o pomerne náročnú metódu, keďže pozostáva zo 4 etáp. Popis aplikácie metódy QFD pri vývoji nového čerpacieho agregátu pre energetický priemysel v prvej etape QFD, ktorá sa zameriava na projektovanie výrobku. 
610 2 0 |a história 
610 2 0 |a pojmy 
610 2 0 |a kvalita výrobkov 
610 2 0 |a riadenie kvality 
610 2 0 |a kontrola kvality 
610 2 0 |a zákazníci 
610 2 0 |a vývoj výrobku 
610 2 0 |a parametre výrobkov technické 
100 1 |a Mesárošová, Jana 
700 1 |a Hrablik Chovanová, Henrieta 
700 1 |a Novotný, Juraj